Largest Municipalities in Maine by First Letter - Statistics

General Stats
  • This quiz has been taken 6 times
  • The average score is 10 of 23
Answer Stats
First Letter County Population Municipality % Correct
B Penobscot 31,662 Bangor
100%
P Cumberland 70,590 Portland
100%
Y York 14,368 York
83%
K York 12,013 Kennebunk
67%
L Androscoggin 38,188 Lewiston
67%
S Cumberland 26,482 South Portland
67%
A Androscoggin 25,641 Auburn
50%
D Piscataquis 4,517 Dover-Foxcroft
50%
E Hancock 8,719 Ellsworth
50%
O Penobscot 12,259 Orono
50%
C Cumberland 9,620 Cape Elizabeth
33%
F Cumberland 12,898 Falmouth
33%
G Cumberland 18,458 Gorham
33%
R Knox 7,087 Rockland
33%
V Kennebec 4,649 Vassalboro
33%
W Cumberland 20,430 Westbrook
33%
H Penobscot 8,145 Hampden
17%
I Franklin 809 Industry
17%
J Franklin 4,654 Jay
17%
M Somerset 4,858 Madison
17%
N Cumberland 5,778 New Gloucester
17%
T Sagadohac 9,781 Topsham
17%
U Knox 2,453 Union
17%
No matching quizzes found
Score Distribution
Percent of People with Each Score
Percentile by Number Answered
Your Score History
You have not taken this quiz